Estatísticas para Cultura Geral

Clique aqui para jogar o quiz

Estatísticas Gerais

  • Esse quiz foi jogado 32 vezes
  • A pontuação média é 8 de 15

Estatísticas das Respostas

HintResposta% Correto
De que país Angola foi colónia?Portugal
100%
Complete a citação: "O que acontece em Vegas..."Fica em Vegas
88%
Que estilo de dança foi inventado na Argentina e no Uruguai?Tango
85%
Que cidade antiga é a atração turística mais popular do Peru?Machu Picchu
73%
Qual é a capital da Arábia Saudita?Riad
69%
Qual é a religião predominante no Uzbequistão?Islamismo
62%
Que estreito fica entre Marrocos e Espanha?Gibraltar
58%
Qual é a capital do Gana?Acra
46%
Que jogador de futebol moçambicano tinha a alcunha de Pantera Negra?Eusébio
42%
Quem era a vilã dos 101 dálmatas?Cruella de Vil
35%
Qual é a cidade mais populosa de Marrocos?Casablanca
31%
Quem canta a música "Viva Las Vegas"?Elvis Presley
27%
Quem é o vilão do Aladim?Jafar
27%
Que série de TV passa - se em Las Vegas?CSI
19%
Que edifícios mais altos da Malásia, já foram os mais altos do mundo?Petronas Towers
19%

Distribuição das Pontuações

Percentil de Números Respondidos

Porcentagem de Pessoas com Cada Pontuação

Sua Pontuação Histórica

Você não jogou esse quiz